MARC

LEADER 00000nam1a2200000 4500
001 281744
005 20231101235430.0
020 |a RU  |b 84-71439 
035 |a (RuTPU)RU\TPU\book\305588 
090 |a 281744 
100 |a 20150126d1984 km y0rusy5003 ca 
101 0 |a rus 
200 1 |a Унифицированные интерактивные средства проектирования изделий электронной техники  |f Б. Л. Толстых [и др.] 
210 |a Москва  |c Радио и связь  |d 1984 
215 |a 136 с.  |c ил. 
225 1 |a Библиотека конструктора радиоэлектронной аппаратуры 
300 |a Авт. указаны на обороте тит. л. 
606 1 |a Электронные устройства  |x Проектирование  |x Математические методы  |2 stltpush  |3 (RuTPU)RU\TPU\subj\20536  |9 45635 
610 1 |a микроэлектронные схемы интегральные - 
610 1 |a автоматизированные системы проектирования диалоговые 
610 1 |a интерактивные системы 
610 1 |a электронные изделия 
610 1 |a схемотехническое проектирование 
610 1 |a фотошаблоны 
610 1 |a схемотехническое проектирование 
610 1 |a печатные платы 
610 1 |a конструкторская документация 
675 |a 621.38.001  |z rus  |v 3 
701 1 |a Толстых  |b Б. Л. 
701 1 |a Талов  |b И. Л. 
701 1 |a Харин  |b В. Н. 
701 1 |a Межов  |b В. Е. 
801 0 |a RU  |b RuMRKP  |c 19950704  |g psbo 
801 1 |a RU  |b 63413507  |c 20150126 
801 2 |a RU  |b 63413507  |c 20170627  |g RCR 
942 |c BK